000
00200 a2200097 4500
001
12967
100
_a
Holma,H
245
_a
WCDMA for UMTS
260
_a
_b
John Willey & Sons
_c
090
_c
9965
_d
9965
942
_a
NUST-CAE
_c
M
_c
36894
999
_c
248040
_d
248040